000 00592nam a2200205Ia 4500
003 GCL
008 140319s9999 xx 000 0 ara d
040 _aGCL /
_cGCL
082 0 4 _aق
_b709.01
_bع ا
100 1 _aعزيز مرقص منصور
245 1 0 _aامجاد من تراثنا /
_cعزيز مرقص منصور
300 _a183 ص
490 _aالالف كتاب
_v0
650 0 4 _aالفن القديم
650 0 4 _aالفن المصرى
650 0 4 _aالمسلات
650 0 4 _aمصر - الاثار
650 0 4 _aمصر القديمة - تاريخ
942 _2ddc
_cBK
999 _c49619
_d49619